Statistics for Joy To The World Lyrics - Three Dog Night

Click here to take the quiz!

General Stats

  • This quiz has been taken 47 times
    (28 since last reset)
  • The average score is 189 of 270

Answer Stats

Lyric% Correct
joy
100%
Joy
100%
the
100%
to
100%
world
96%
A
78%
a
78%
And
70%
and
70%
he
70%
I
65%
Sing
65%
All
61%
boys
61%
girls
61%
him
57%
in
57%
me
57%
-of
57%
of
57%
you
57%
You
57%
blue
52%
bullfrog
52%
deep
52%
fishes
52%
friend
52%
good
52%
king
52%
mine
52%
said
52%
sea
52%
was
52%
Was
52%
word
52%
a-drink
48%
his
48%
Love
48%
love
48%
some
48%
But
43%
do
43%
fine
43%
had
43%
helped
43%
if
43%
Jeremiah
43%
Make
43%
mighty
43%
never
43%
single
43%
son
43%
sweet
43%
understood
43%
wine
43%
always
39%
away
39%
bars
39%
it
39%
now,
39%
now
39%
were
39%
what
39%
cars
35%
-gun
35%
I'd
35%
know
35%
Singin'
35%
throw
35%
war
35%
fun
30%
have
30%
ladies
30%
my
30%
rainbow
30%
rider
30%
Tell
30%
I'm
26%
shootin'
26%
straight
26%
flyer
22%
high
22%
life
13%

Score Distribution

Percentile by Number Answered

Percent of People with Each Score

Your Score History

You have not taken this quiz since the last reset